| 000 | 00499nam a22001697a 4500 | ||
|---|---|---|---|
| 003 | OSt | ||
| 005 | 20180519072213.0 | ||
| 008 | 180221b xxu||||| |||| 00| 0 spa d | ||
| 040 | _cPJ | ||
| 245 | 1 | 0 |
_aDerecho internacional público profundizado / _cCharles E. Rousseau. |
| 260 |
_aBuenos Aires : _bLa Ley, _c1966. |
||
| 300 |
_a468 p. _c23 cm. |
||
| 500 | _aNotas a pie de algunas páginas. | ||
| 504 | _a. | ||
| 650 | 0 |
_9331 _aDERECHO INTERNACIONAL PUBLICO |
|
| 942 |
_2udc _cLIB _h341.1/.8 _iROU |
||
| 999 |
_c522 _d522 |
||